|
|
|
|
| LEADER |
01207naa a2200289 i 4500 |
| 001 |
acta78886 |
| 005 |
20230518105431.0 |
| 008 |
230518s2023 hu o 1|| eng d |
| 024 |
7 |
|
|a 10.14232/syrmpnpr.2023.5
|2 doi
|
| 040 |
|
|
|a SZTE Egyetemi Kiadványok Repozitórium
|b hun
|
| 041 |
|
|
|a eng
|
| 100 |
1 |
|
|a Dávid Zsuzsanna Csilla
|
| 245 |
1 |
0 |
|a Phytochemical investigation of a Hungarian sedge, Carex morrowii
|h [elektronikus dokumentum] :
|b [abstract] /
|c Dávid Zsuzsanna Csilla
|
| 260 |
|
|
|c 2023
|
| 300 |
|
|
|a 11
|
| 490 |
0 |
|
|a Symposium of Young Researchers on Pharmacognosy
|v 4
|
| 650 |
|
4 |
|a Természettudományok
|
| 650 |
|
4 |
|a Kémiai tudományok
|
| 650 |
|
4 |
|a Orvos- és egészségtudomány
|
| 650 |
|
4 |
|a Általános orvostudomány
|
| 695 |
|
|
|a Növénykémia - természetes anyagok - előadáskivonat, Gyógynövények - előadáskivonat, Biotechnológia - növények - előadáskivonat
|
| 700 |
0 |
1 |
|a Juhász András
|e aut
|
| 700 |
0 |
1 |
|a Kúsz Norbert
|e aut
|
| 700 |
0 |
1 |
|a Hohmann Judit
|e aut
|
| 700 |
0 |
1 |
|a Vasas Andrea
|e aut
|
| 711 |
|
|
|a Symposium of Young Researchers on Pharmacognosy (4.)
|c Szeged
|d 2023
|
| 856 |
4 |
0 |
|u http://acta.bibl.u-szeged.hu/78886/1/syrpharmacognosy_2023_011.pdf
|z Dokumentum-elérés
|